Shadow in the land : homosexuality in America /

Bibliographic Details
Main Author: Dannemeyer, William (Author)
Format: Book
Language:English
Published: San Francisco : Ignatius Press, [1989]
Subjects:

MARC

Tag First Indicator Second Indicator Subfields
LEADER 00000cam a2200000 a 4500
001 in00000901913
005 20230804125954.0
008 890209s1989 cau b 001 0 eng
010 |a  89080470  
019 |a 232125849  |a 988403558 
020 |a 0898702410 
020 |a 9780898702415 
020 |a 0898702984 
020 |a 9780898702989 
029 1 |a AU@  |b 000006934828 
029 1 |a GEBAY  |b 1513142 
029 1 |a HEBIS  |b 135023483 
029 1 |a YDXCP  |b 1030002 
035 |a (OCoLC)ocm20735934  
035 |a (OCoLC)20735934  |z (OCoLC)232125849  |z (OCoLC)988403558 
035 |a (OCoLC)ocm20735934  
040 |a DLC  |b eng  |c DLC  |d BTCTA  |d YDXCP  |d GEBAY  |d OCLCF  |d UWC  |d OCLCO  |d OCLCQ  |d OCLCA  |d OCLCO  |d TXA 
043 |a n-us--- 
050 0 0 |a HQ76.8.U5  |b D36 1989 
082 0 0 |a 306.76/6/0973  |2 20 
100 1 |a Dannemeyer, William,  |e author. 
245 1 0 |a Shadow in the land :  |b homosexuality in America /  |c Congressman William Dannemeyer. 
264 1 |a San Francisco :  |b Ignatius Press,  |c [1989] 
300 |a 243 pages ;  |c 21 cm 
336 |a text  |b txt  |2 rdacontent 
337 |a unmediated  |b n  |2 rdamedia 
338 |a volume  |b nc  |2 rdacarrier 
504 |a Includes bibliographical references. 
500 |a The Cushing Library/Women & Gender Studies copy was acquired as part of The Don Kelly Research Collection of Gay Literature and Culture.  |5 TXA 
650 0 |a Gay liberation movement  |z United States. 
650 0 |a Gay rights  |z United States  |x Prevention. 
650 7 |a Gay liberation movement.  |2 fast  |0 (OCoLC)fst00939104 
651 7 |a United States.  |2 fast  |0 (OCoLC)fst01204155 
650 7 |a Homosexualität  |2 gnd 
651 7 |a USA.  |2 swd 
776 0 8 |i Online version:  |a Dannemeyer, William.  |t Shadow in the land.  |d San Francisco : Ignatius Press, ©1989  |w (OCoLC)648481019 
938 |a Baker and Taylor  |b BTCP  |n 89080470 
938 |a YBP Library Services  |b YANK  |n 1030002 
948 |h HELD BY TXA - 259 OTHER HOLDINGS 
994 |a Z0  |b TXA 
999 f f |s f9c92692-1577-3e62-bedf-a4329ae08826  |i 41a1cc86-9217-3fd1-bf10-efb5b63565a0  |t 0 
952 f f |p ric  |a Texas A&M University  |b Rellis Campus  |c Joint Library Facility  |s JLF  |d Remote Storage  |t 0  |e HQ76.8.U5 D36 1989  |h Library of Congress classification  |i unmediated -- volume  |m A14813104763 
998 f f |a HQ76.8.U5 D36 1989  |t 0  |l Remote Storage